Online Catalogue and eLibrary

The role of thelaw enforcement officer in the protection of human rights (Record no. 2819)

MARC details
000 -LEADER
fixed length control field 00469nam a2200181Ia 4500
005 - DATE AND TIME OF LATEST TRANSACTION
control field 20240530045650.0
008 - FIXED-LENGTH DATA ELEMENTS--GENERAL INFORMATION
fixed length control field 240331s9999 xx 000 0 und d
020 ## - INTERNATIONAL STANDARD BOOK NUMBER
ISBN 9555920001
082 ## - DDC Classification
Item Number - Author Mark ROL
Class No. 341.481
245 #4 - TITLE STATEMENT
Title The role of thelaw enforcement officer in the protection of human rights
250 ## - EDITION STATEMENT
Edition statement 1 st
260 ## - PUBLICATION, DISTRIBUTION, ETC.
Place of publication, distribution, etc. Colombo
Name of publisher, distributor, etc. Sri Lanka Fountation
Date of publication, distribution, etc. 1986
300 ## - PHYSICAL DESCRIPTION
Extent (e.g. Volumes, Pages etc.) 223 p .,
650 ## - SUBJECT ADDED ENTRY--TOPICAL TERM
Topical term or geographic name entry element Human Rights
650 ## - SUBJECT ADDED ENTRY--TOPICAL TERM
Topical term or geographic name entry element Society
650 ## - SUBJECT ADDED ENTRY--TOPICAL TERM
Topical term or geographic name entry element Law
942 ## - Koha item type (Biblio)
Koha item type Books in Stacks (Lending)
Holdings
Lost status Damaged status Collection code Home library Current library Shelving location Date acquired Full call number Accession Number Item type
    Lending WERC Library WERC Library Social Science Cupboard 03/31/2024 341.481 ROL 601 Books in Stacks (Lending)

© WERC Library